| 000 | 01348nam a22001457a 4500 | ||
|---|---|---|---|
| 999 |
_c525953 _d525953 |
||
| 008 | 240426b ||||| |||| 00| 0 eng d | ||
| 100 |
_aCabral, Marika and Dillender, Marcus _951904 |
||
| 245 | _aGender differences in medical evaluations: Evidence from randomly assigned doctors | ||
| 260 | _aThe American Economic Review | ||
| 300 | _a114(2), Feb, 2024: p.462-499 | ||
| 520 | _aLittle is known about what drives gender disparities in health care and related social insurance benefits. Using data and variation from the Texas workers' compensation program, we study the impact of gender match between doctors and patients on medical evaluations and associated disability benefits. Compared to differences among their male patient counterparts, female patients randomly assigned a female doctor rather than a male doctor are 5.2 percent more likely to be evaluated as disabled and receive 8.6 percent more subsequent cash benefits on average. There is no analogous gender-match effect for male patients. Our estimates indicate that increasing the share of female patients evaluated by female doctors may substantially shrink gender gaps in medical evaluations and associated outcomes.- Reproduced https://www.aeaweb.org/articles?id=10.1257/aer.20220349 | ||
| 773 | _aThe American Economic Review | ||
| 906 | _aGENDERS | ||
| 942 | _cAR | ||